Stop physician burnout: (Record no. 7464)

MARC details
000 -LEADER
fixed length control field 00544nam a22001817a 4500
003 - CONTROL NUMBER IDENTIFIER
control field OSt
005 - DATE AND TIME OF LATEST TRANSACTION
control field 20211112151858.0
008 - FIXED-LENGTH DATA ELEMENTS--GENERAL INFORMATION
fixed length control field 211112b ||||| |||| 00| 0 eng d
020 ## - INTERNATIONAL STANDARD BOOK NUMBER
International Standard Book Number 9781937660345
040 ## - CATALOGING SOURCE
Transcribing agency NLM
082 ## - DEWEY DECIMAL CLASSIFICATION NUMBER
Classification number WZ112
Item number D844s 2014
100 ## - MAIN ENTRY--PERSONAL NAME
Personal name Drummnd, Dike
9 (RLIN) 15288
245 ## - TITLE STATEMENT
Title Stop physician burnout:
Remainder of title what to do when working harder isn't working.
260 ## - PUBLICATION, DISTRIBUTION, ETC. (IMPRINT)
Place of publication, distribution, etc. United States of America
Name of publisher, distributor, etc. Heritage press publications
Date of publication, distribution, etc. 2014
300 ## - PHYSICAL DESCRIPTION
Extent vi,196p.;
Other physical details ill.,
Dimensions 23cm
650 ## - SUBJECT ADDED ENTRY--TOPICAL TERM
Topical term or geographic name as entry element Collective Physicians
9 (RLIN) 15289
942 ## - ADDED ENTRY ELEMENTS (KOHA)
Source of classification or shelving scheme Other/Generic Classification Scheme
Koha item type Book
Holdings
Withdrawn status Lost status Source of classification or shelving scheme Damaged status Not for loan Home library Current library Date acquired Source of acquisition Inventory number Total Checkouts Full call number Barcode Date last seen Price effective from Koha item type
    Other/Generic Classification Scheme     MUST Main Library MUST Main Library 12/11/2021 Purchase 2021/41617   WZ112 D844s 2014 2021-1669 12/11/2021 12/11/2021 Book